00370nam a2200121 450000500170000000800410001702000150005810000180007324500690009125000110016026000480017130000290021920260224122518.0260224b |||||||| |||| 00| 0 eng d a0702024783 aWoolf Neville aCell, Tissue and Disease: The Basis of Pathologyc/Neville Woolf a3rd ed aLondon;bHarcourt Publishers Limited;c2000 aviii, 586p.ill; c21.5cm